Stations du tramway de Rouen sur une carte - Statistiques

Statistiques générales
  • Ce quiz a été pris 280 fois
  • Le résultat moyen est 22 sur 40
Réponses sur la Carte
Les réponses sont colorées sur une échelle allant du rouge au vert en fonction du pourcentage des utilisateurs qui les ont devinées à leur premier essai. Vous pouvez retrouver ces pourcentages ci-dessous.
 
Statistiques - réponses
Ligne Arrêt % Correct
Branche Braque Gare - Rue Verte
90%
Branche Technopôle Gare-Rue Verte
90%
Branche Braque Théâtre des Arts
90%
Branche Technopôle Théâtre des Arts
90%
Branche Braque Saint-Sever
87%
Branche Technopôle Saint-Sever
87%
Branche Braque Boulingrin
86%
Branche Technopôle Boulingrin
86%
Branche Braque Palais de Justice - Gisèle Halimi
86%
Branche Technopôle Palais de Justice - Gisèle Halimi
84%
Branche Technopôle Branche {Technopôle}
79%
Branche Technopôle Technopôle
79%
Branche Braque Beauvoisine
73%
Branche Technopôle Beauvoisine
73%
Branche Technopôle Europe
68%
Branche Braque Joffre-Mutualité
67%
Branche Technopôle Joffre-Mutualité
67%
Branche Braque Georges Braque
66%
Branche Technopôle Hôtel de Ville de Sotteville
57%
Branche Technopôle Garibaldi
48%
Branche Technopôle Voltaire
46%
Branche Technopôle Honoré de Balzac
45%
Branche Braque Avenue de Caen
43%
Branche Technopôle 14-Juillet
39%
Branche Braque François Truffaut
38%
Branche Technopôle Toit Familial
37%
Branche Braque Charles de Gaulle
36%
Branche Braque J.F. Kennedy
36%
Branche Braque Place du 8-Mai
36%
Branche Braque Jean Jaurès
35%
Branche Technopôle Maryse Bastié
35%
Branche Technopôle Jean Zay
34%
Branche Braque Léon Blum
32%
Branche Technopôle Le Parc
30%
Branche Technopôle Ernest Renan
29%
Branche Braque Provinces
29%
Branche Braque Saint-Julien
29%
Branche Technopôle Champ de Courses
24%
Branche Braque Paul Cézanne
22%
Branche Braque Branche {Braque}
17%
Aucun quiz correspondant
Distribution des résultats
% des personnes avec chaque résultat
Percentile par nombre de réponses
Votre historique - résultats
Vous n’avez pas pris ce quiz